000
002790000a22001090004500
090
_a
AR
_b
04656
100
1
_a
Alberico, Michael
_9
6446
245
1
0
_a
Medición de diversidad biológica
041
0
_a
Español
942
_c
ARTICULO
773
1
_t
Cespedesia
_h
41-42
_q
21-29
_d
1982
_g
Suppl. 3
999
_c
13756
_d
13756